000 00895nam a2200217Ii 4500
003 JO-AjNU
008 230605s9999||||xx |||||||||||||| ||und||
040 _aJO-AjNU
_bara
_erda
_cJO-AjNU
041 _aara
050 1 4 _aBP173.758.A5 1993
100 3 _aآليه، موريس,
_eauthor
_927859
245 0 0 _aالشروط النقدية لإقتصاد الأسواق : من دروس الأمس الى إصلاحات الغد
250 _aط1
264 3 1 _aجدة: المعهد الاسلامي للبحوث والتدريب البنك الاسلامي، 1993
300 _a64ص
_bيتضمن ببلوغرافيا ص 55-64
336 _atext
_btxt
_2rdacontent
337 _aunmediated
_bn
_2rdamedia
338 _avolume
_bnc
_2rdacarrier
490 0 _aسلسلة محاضرات العلماء البارزين 1
650 4 _aالنقود- الاسواق- جوانب اقتصادية
_927860
999 _aA10736
_c14304
_d14304